| 000 | 01020cam a2200217 4500 | ||
|---|---|---|---|
| 001 | WB3822-05 | ||
| 008 | 020620n2002 000 0 eng u | ||
| 035 | _a(Sirsi) u118489 | ||
| 245 | _aCBI survey and manufacturing recovery | ||
| 260 | _c2002 | ||
| 490 |
_aCBI News Release _v 20 June 2002, (2) |
||
| 520 | _aCBI monthly trends survey on manufacturing shows a slight manufacuring recovery as orders improve but still remained below normal. 18% of firms orders were above normal while 35% were below. This balance of minus 17% was better than the minus 26% in May. Export orders were also up and firms expected output to edge slowly higher. For the CBI News Release: http://www.cbi.org.uk/ndbs/press.nsf/0363c1f07c6ca12a8025671c00381cc7/90cddeefc885aa1580256bd8002ca85b?OpenDocument | ||
| 590 | _aWB | ||
| 650 | _aCONFEDERATION OF BRITISH INDUSTRY | ||
| 650 | _aCBI SURVEY | ||
| 650 | _aINDUSTRIAL TRENDS | ||
| 650 | _aMANUFACTURING SECTOR | ||
| 650 | _aEXPORTS | ||
| 690 | _aECONOMIC ISSUES | ||
| 942 | _n0 | ||
| 999 |
_c70541 _d70541 |
||